| 000 -LEADER |
| fixed length control field |
00774nam a2200217Ia 4500 |
| 001 - CONTROL NUMBER |
| control field |
7336 |
| 003 - CONTROL NUMBER IDENTIFIER |
| control field |
GE_BSU |
| 008 - FIXED-LENGTH DATA ELEMENTS--GENERAL INFORMATION |
| fixed length control field |
181216s||||||||xx |||||||||||||| ||und|| |
| 020 ## - INTERNATIONAL STANDARD BOOK NUMBER |
| International Standard Book Number |
9789941179570 |
| 040 ## - CATALOGING SOURCE |
| Transcribing agency |
GE_BSU |
| 080 ## - UNIVERSAL DECIMAL CLASSIFICATION NUMBER |
| Universal Decimal Classification number |
929(092) |
| 100 ## - MAIN ENTRY--PERSONAL NAME |
| Personal name |
ფეიქრიშვილი ჟუჟუნა. რედ-შემდგ. |
| 245 ## - TITLE STATEMENT |
| Title |
სრულყოფილებასთან ახლოს-ასეთი იყო ქეთევან ძოწენიძე. |
| 260 ## - PUBLICATION, DISTRIBUTION, ETC. |
| Place of publication, distribution, etc. |
თბილისი. |
| 260 ## - PUBLICATION, DISTRIBUTION, ETC. |
| Name of publisher, distributor, etc. |
უნივერსალი. |
| 260 ## - PUBLICATION, DISTRIBUTION, ETC. |
| Date of publication, distribution, etc. |
2013. |
| 300 ## - PHYSICAL DESCRIPTION |
| Extent |
167 გვ; 20 სმ. |
| 300 ## - PHYSICAL DESCRIPTION |
| Other physical details |
ილ. |
| 653 ## - INDEX TERM--UNCONTROLLED |
| Uncontrolled term |
სრულყოფილებასთან ახლოს-ასეთი იყო. |
| 942 ## - ADDED ENTRY ELEMENTS (KOHA) |
| Koha item type |
წიგნი |